000 00627nam a2200241Ia 4500
003 OSt
005 20220924143539.0
006 a|||||r|||| 00| 0
007 ta
008 220923b |||||||| |||| 00| 0 urd d
024 _a308857
037 _cTextual
040 _aARTS
_cARTS
_burd
041 _2urd
_aurd
082 _aO15,1D40,1, 168L0
100 _aKalidaas
245 0 _aMeghdoot
260 _c1970
650 _aSANSKRIT LITERATURE
700 _a Rana Pratap Singh Tr.
_9216230
942 _hO15,1D40,1, 168L0
_cTEXL
_2CC
999 _c454932
_d454932